1725 1503 1150 1527 1302 1202 1990 1451 1961 1614 1441 1691 1073 1876 1280 1900 1939 1796 1003 1513 1882 1994 1607 1889 1764 1017 1228 1096 1183 1043 1959 1470 1345 1985 1588 1654 1213 1340 1091 1386 1732 1059 1111 1263 1127 1760 1249 1983 1495 1944 1465 1552 1245 1497 1121 1192 1287 1815 1407 1694 1384 1621 1683 1229 1570 1259 1771 1712 1703 1353 1092 1678 1797 1778 1570 1739 1925 1589 1962 1784 1991 1566 1855 1777 1487 1382 1675 1958 1553 1675 1205 1077 1773 1737 1484 1266 1564 1234 1109 BCNSPRNW ULIB Ver.6.0+V

เปลี่ยนเป็นภาษาไทย

Change to English
 แสดงรายละเอียดบรรณานุกรม
  กลับหน้าหลัก

Brief Record : Get Marc (ISO 2709) : E-mail record : QR code < ปิดหน้าต่าง
LEADER : 00000nam 2200000uu 4500
001    13399121018
003     ULIB
008    121030s2547||||th 000 0 tha d
020    ^a9749248988
040    ^acl
050  4 ^aHF5549.A3^bก768ร
100 0  ^aเกรียงศักดิ์ นิรัติพัฒนะศัย
245 10 ^aรู้เขารู้เราเท่า ๆ กัน ทำงานอย่างไร โดนใจฝรั่ง /^cเกรียงศักดิ์ นิรัติพัฒนะศัย
250    ^aพิมพ์ครั้งที่ 2
260    ^aกรุงเทพฯ :^bดีเอ็มจี,^c2547
300    ^a166 หน้า. ;^c24 ซม.
650  4 ^aการจัดการธุรกิจ
650  4 ^aการทำงาน
650  4 ^aการบริหาร
650  4 ^aการบริหารงานบุคคล
650  4 ^aจิตวิทยาอุตสาหกรรม
650  4 ^aธุรกิจ
650  4 ^aผู้นำ
650  4 ^aภาวะผู้นำ
945    ^p180^l0^i15130
995    ^aทศพร
999    ^aทศพร เกษรทอง
รายการนี้ยังไม่มีแท็ก
คุณยังไม่ได้ล็อกอิน คุณสามารถมีกิจกรรมร่วมกับเว็บไซต์ได้ แต่ต้องล็อกอินก่อน ::
  ล็อกอิน

รายการสื่อสารสนเทศ

ลำดับที่ ประเภท เลขเรียก/บาร์โค้ด สถานที่ สถานะ
1. วิทยาศาสตร์การแพทย์ และสุขภาพ
วิทยาศาสตร์การแพทย์ และสุขภาพ
HF5549.A3 ก768ร ฉ.1 
  Barcode: 15130
ห้องสมุดวิทยาเขตสวรรค์ประชารักษ์
►หนังสือทั่วไป
บนชั้น

รายการใกล้เคียง
    ผู้แต่ง [เกรียงศักดิ์ นิรัติพัฒนะศัย]

    หัวเรื่อง [การจัดการธุรกิจ]
    หัวเรื่อง [การทำงาน]
    หัวเรื่อง [การบริหาร]
    หัวเรื่อง [การบริหารงานบุคคล]
    หัวเรื่อง [จิตวิทยาอุตสาหกรรม]
    หัวเรื่อง [ธุรกิจ]
    หัวเรื่อง [ผู้นำ]
    หัวเรื่อง [ภาวะผู้นำ]

BibComment


ยังไม่เคยถูกคอมเมนท์

คอมเมนท์ทรัพยากรรายการนี้
  คอมเมนท์: รู้เขารู้เราเท่า..


 Copyright 2026. Bcnsprnw @Library